Horác részlet

Bibliographic Details
Main Author: Berzsenyi, Dániel, 1776-1836 (Author)
Format: Article
Language:Hungarian
Slovak
PhysicalDescription:Obr.
Subjects:

MARC

LEADER 00000nab a2200000 a 4500
001 vtls000781733
003 SK-MaSNL
005 20260303072751.0
008 160314c2001 xo 0 hun
015 |a SNBRB2002/01-02798 
035 |a CLN000133460 
040 |a SNKBUCL  |b slo  |c SNKBUCL  |e AACR2 
041 0 |a slo 
044 |a xo  |c SK 
080 |a 894.511-1=945.11  |2 UDC-MRF-SK2 
100 1 |a Berzsenyi, Dániel,  |d 1776-1836  |4 aut  |9 429108 
245 1 0 |a Horác  |b részlet  |c Berzsenyi Dániel 
300 |b Obr. 
650 0 7 |a lyrické básne, maďarské  |2 snkbucl  |9 71024 
773 0 |t Vasárnap  |g Roč. 34, č. 51-52 (2001), s. 76 
850 |a Slovenská národná knižnica v Martine 
852 |a SNK  |b KIS3GCP 
958 |a HU 
958 |a LX 
958 |a RBX 
999 |c 1764683  |d 1766613